01225cam a2200325 i 45000010009000000050017000090080041000260100017000670200038000840200037001220350013001590400028001720420008002000500027002080820012002352450223002472500019004702600049004893000029005383360021005673370025005883380023006134900043006365040067006796000035007466500020007816500029008017000048008307000021008781706295320260507151649.0111130s2012 nyu b 001 0 eng  a 2011048557 a9780823234646qcloth : alk. paper a9780823234653qpbk. : alk. paper a17062953 aDLCbengcDLCerdadDLC apcc00aB2430.N363bD4337 201200a23022300aRe-treating religion :bdeconstructing Christianity with Jean-Luc Nancy cedited by Alena Alexandrova, Ignaas Devisch, Laurens ten Kate, and Aukje van Rooden ; with a preamble and concluding dialogue by Jean-Luc Nancy. aFirst edition. aNew York :bFordham University Press,c2012. axvi, 400 pages ;c23 cm. atext2rdacontent aunmediated2rdamedia avolume2rdacarrier0 aPerspectives in Continental philosophy aIncludes bibliographical references (pages 345-383) and index.10aNancy, Jean-Luc.tDéclosion. 0aDeconstruction. 0aPhilosophy and religion.1 aAlexandrova, Alena,eeditor of compilation.1 aNancy, Jean-Luc.